What unity requires on the road to "World Communion of Reformed Churches" (Registro nro. 62752)
[ vista simple ]
| 000 -LÍDER | |
|---|---|
| Campo fijo de descripción fija | 01166aab a2200241 i 4500 |
| 001 - NÚMERO DE CONTROL | |
| Campo de control | 768714001 |
| 003 - IDENTIFICADOR DEL NÚMERO DE CONTROL | |
| Campo de control | CO-MdFUSB |
| 005 - FECHA Y HORA DE LA ULTIMA TRANSACCIÓN | |
| control field | 20240710165947.0 |
| 008 - ELEMENTOS DE LONGITUD FIJA -- INFORMACIÓN GENERAL | |
| Campo fijo de descripción fija -- Información general | 240710t2008 sz ||||| |||| 00| 0 eng d |
| 040 ## - FUENTE DE CATALOGACIÓN | |
| Idioma de catalogación | spa |
| Agencia que realiza la transcripción | CO-MdFUSB |
| 041 ## - CÓDIGO DE IDIOMA | |
| Código de idioma para texto/pista de sonido o título separado | eng |
| 100 1# - ASIENTO PRINCIPAL--NOMBRE PERSONAL | |
| Nombre personal | Dressler-Kromminga, Sabine |
| Término relacionador | autor |
| 245 10 - TÍTULO | |
| Título | What unity requires on the road to "World Communion of Reformed Churches" |
| Mención de responsabilidad | / Sabine Dressler-Kromminga |
| 520 ## - NOTA DE RESUMEN, ETC. | |
| Nota de sumario, etc. | De la prisión sale el llamado de Pablo a la unidad. Sabine Dressler-Kromminga reflexiona sobre las situaciones de encarcelamiento actuales desde donde se nos recuerda que somos uno en Cristo. Y así como la separación siempre ha sido un proceso muy doloroso, también lo es la incapacidad de unirse. |
| 546 ## - NOTA DE IDIOMA | |
| Nota de idioma | Texto en nglés. |
| 630 07 - PUNTO DE ACCESO ADICIONAL DE MATERIA - TÍTULO UNIFORME | |
| Título uniforme | Biblia. |
| Parte o sección de la obra | Efesios |
| Subdivisión de materia general | Crítica, interpretación, etc. |
| 650 #7 - ASIENTO SECUNDARIO DE MATERIA - TERMINO TEMÁTICO | |
| Término temático o nombre geográfico como elemento de entrada | Biblia y unidad cristiana |
| 9 (RLIN) | 7330 |
| 650 #7 - ASIENTO SECUNDARIO DE MATERIA - TERMINO TEMÁTICO | |
| Término temático o nombre geográfico como elemento de entrada | Hermenéutica bíblica |
| 9 (RLIN) | 7333 |
| 650 #7 - ASIENTO SECUNDARIO DE MATERIA - TERMINO TEMÁTICO | |
| Término temático o nombre geográfico como elemento de entrada | Paz |
| Subdivisión general | Aspectos religiosos |
| -- | Cristianismo |
| 9 (RLIN) | 2054 |
| 773 0# - ASIENTO DE ITEM FUENTE | |
| Título | Reformed World |
| Biblionumber | 49396 |
| Itemnumber | 59497 |
| Parte(s) relacionada(s) / Volumen., número. (mes año), páginas | Volumen 58, (número 2 & 3, 2008) páginas: 143 - 149 |
| Enumeración y primera página | página: 143 |
| 942 ## - TIPO DE MATERIAL (KOHA) | |
| Tipo de Item KOHA | Artículos de Revista |
| 945 ## - INFORMACIÓN LOCAL DEL REGISTRO | |
| Catalogador | Catherine Arias Álvarez - Practicante SENA |
No hay ítems disponibles.
